000 00449nam a2200181Ia 4500
008 240925s9999 xx 000 0 und d
020 _aNA
082 _a808 SAR
100 _aAhsen ,Nasrin M.
245 0 _aEnglish Study Skills
250 _aNA
260 _aKarachi:
_bA Spelt Publ
_c,1991.
300 _a164p.
_bNA
_fOriginal
500 _aIncludes Bibliogrphy
600 _aHumanities & Natural Science
650 _aLiterature
942 _cBK
999 _c2892
_d2892